000 00639nam a2200193 i 4500
001 23732
003 ES-MaACL
005 20250820122621.0
007 t|
008 021212s1908 sp ||||1| spa d
100 1 _aAndersen, Hans Christian.
_921434
245 1 0 _aCuentos de Andersen /
_cHans Christian Andersen ; traducción de J. Roca y Roca ; dibujos de Apeles y Mestres.
260 _aBarcelona :
_b[s.n.,
_c1908] (
_fManeci)
300 _a366 p. ;
_c19 cm.
600 1 4 _aMestres, Apeles,
_d1854-1936
_9140420
700 1 _aRoca i Roca, Josep,
_d1848-1924
_9159948
852 _aES-MaACL
_jB-1043
999 _c23732
_d23732